Statistics for Which Top 10 Countries Visit China The Most?

Click here to take the quiz!

General Stats

  • This quiz has been taken 37 times
  • The average score is 8 of 10

Answer Stats

HintAnswer% Correct
2.41 MRussia
100%
2.6 MJapan
97%
4 MSouth Korea
97%
2.48 MUnited States
97%
6 MTaiwan
83%
1.20 MPhilippines
73%
1.29 MMalaysia
70%
1.9 MMongolia
53%
79 MHong Kong
43%
25 MMacau
37%

Score Distribution

Percentile by Number Answered

Percent of People with Each Score

Your Score History

You have not taken this quiz